000 00279nam a22001217a 4500
020 _a978-81-318-0162-8
082 _a494
_bBHA
245 _aADHUNIC HINDI VYAKARAN THADHA RACHANA
260 _aDELHI
_bLAKSHMI PUBLICATION
300 _a422
650 _aGRAMMAR
_zDELHI
942 _cBK
999 _c4257
_d4257